LDR 00912naa#a2200217#i#450# 001 EN\\bibl\19249 005 20260418165341.6 100 ## _a20260417b2026####ek#y0engy0150####ca 102 ## _aRU 200 1# _aANALYSIS OF MODERN METHODS OF INVESTIGATION AND EXAMINATION OF ROAD ACCIDENTS _eConference article/thesis 210 1# _aVoronezh _cFSBE Institution of Higher Education Voronezh State University of Forestry and Technologies named after G.F. Morozov _d2026 215 ## _a7 с. 608 ## _aConference article/thesis _2local 675 ## _aАвтомобильные дороги в целом. Внегородские дороги. Городские дороги. 625.7 _z 700 #1 _aZhaivoronok _gD. A. 700 #1 _aShatalov _gEvgeniy Vladimirovich 700 #1 _aMalyukova _gMargarita Aleksandrovna 700 #1 _aNikonov _gVadim Olegovich 700 #1 _aRodionov _gA. A. 700 #1 _aZelikov _gV. A. 856 4# _abibl.vgltu.ru _u